000 01173nam a2200301Ia 4500
001 ebr10450985
003 CaPaEBR
006 m u
007 cr cn|||||||||
008 110323s2011 enka s 001 0 eng d
020 _z9781849681926
020 _z9781849681933 (ebook)
040 _aCaPaEBR
_cCaPaEBR
035 _a(OCoLC)715163679
050 1 4 _aHD69.T54
_bF74 2011eb
100 1 _aFredericks, Karen.
245 1 0 _aSage Act! 2011
_h[electronic resource] :
_bdashboard and report cookbook /
_cKaren Fredericks, Roy Laudenslager.
260 _aBirmingham, UK :
_bPackt Enterprise Pub.,
_cc2011.
300 _aiii, 197 p. :
_bill.
500 _aIncludes index.
533 _aElectronic reproduction.
_bPalo Alto, Calif. :
_cebrary,
_d2011.
_nAvailable via World Wide Web.
_nAccess may be limited to ebrary affiliated libraries.
630 0 0 _aAct! (Computer file)
650 0 _aTime management
_xComputer programs.
655 7 _aElectronic books.
_2local
700 1 _aLaudenslager, Roy.
710 2 _aebrary, Inc.
856 4 0 _uhttp://site.ebrary.com/lib/rucke/Doc?id=10450985
_zAn electronic book accessible through the World Wide Web; click to view
999 _c138788
_d138788